LEADER 00864nam a2200241 i 4500 001 991000302809707536 008 090623s1972 it 001 0 ita d 035 $ab13838453-39ule_inst 040 $aFacoltà SSPT$bita 082 0 $a967.11 100 1 $aMassaga, Woungly $0408926 245 12$aL'Africa bloccata :$bl'esempio del Camerun /$cWoungly Massaga 260 $aMilano :$bMazzotta,$cc1972 300 $a200 p. ;$c19 cm 440 0$aBiblioteca di nuova cultura ;$v10 500 $aTrad. M. Albano 651 4$aCamerun$xPolitica$y1960-1970 907 $a.b13838453$b02-04-14$c23-06-09 912 $a991000302809707536 945 $aLE021 967.11 MAS01.01$g1$i2020000015369$lle021$op$pE18.10$q-$rn$s- $t0$u1$v0$w1$x0$y.i14986127$z23-06-09 996 $aAfrica bloccata$9229224 997 $aUNISALENTO 998 $ale020$b23-06-09$cm$da $e-$fita$git $h2$i0